000 00509nam a2200193Ia 4500
005 20240122091307.0
008 131103s9999 xx 000 0 und d
040 _aLoreto College
041 _aEnglish
082 _a342
_bFIN
245 _aFive constitutions
_cedited, with an introduction by S. E. Finer
260 _aHarmondsworth
_bPenguin Books
_c1979
300 _a349 p.
504 _aIncludes index
650 _aLaw
651 _aConstitutional Law - Politics
850 _aLCLIB
942 _cBK
999 _c9608
_d60087